[Event "CZE-chT2E 1415"]
[Site "Czech Republic"]
[Date "2015.04.19"]
[Round "11.6"]
[White "Vecera, Petr"]
[Black "Varga, Marian"]
[Result "1-0"]
[WhiteElo "2025"]
[BlackElo "1881"]
[PlyCount "71"]
[EventDate "2014.11.02"]
[EventType "team-tourn"]
[EventRounds "11"]
[EventCountry "CZE"]
[SourceTitle "EXT 2022"]
[Source "ChessBase"]
[SourceDate "2021.10.06"]
[SourceVersion "1"]
[SourceVersionDate "2021.10.06"]
[SourceQuality "1"]
[WhiteTeam "Postoupky"]
[BlackTeam "Brno Vinohrady"]
[WhiteTeamCountry "CZE"]
[BlackTeamCountry "CZE"]

1. e4 e5 2. Nf3 Nc6 3. d4 exd4 4. Bc4 Be7 5. c3 Nf6 6. e5 Ne4 7. 0-0 d5 8. Bb3 dxc3 9. Bxd5 Nb4 10. Bxe4 Qxd1 11. Rxd1 c2 12. Re1 cxb1Q 13. Bxb1 Bg4 14. Ng5 h6 15. Ne4 Rd8 16. Nf6+ gxf6 17. exf6 Rd1 18. Rxd1 Bxd1 19. fxe7 Nc2 20. Bxc2 Bxc2 21. Bf4 Kxe7 22. Rc1 Rd8 23. Bxh6 Rd1+ 24. Rxd1 Bxd1 25. f3 c5 26. Bd2 c4 27. Kf2 Ke6 28. Ke3 Kd5 29. Bc3 Ke6 30. Kf4 f6 31. h4 Bc2 32. g4 Kf7 33. Kg3 f5 34. Kf4 Kg6 35. gxf5+ Bxf5 36. h5+ 1-0

[Event "CZE-chT2E 1415"]
[Site "Czech Republic"]
[Date "2015.03.29"]
[Round "10.8"]
[White "Fojtik, Tomas"]
[Black "Vecera, Petr"]
[Result "1-0"]
[WhiteElo "2053"]
[BlackElo "2025"]
[PlyCount "47"]
[EventDate "2014.11.02"]
[EventType "team-tourn"]
[EventRounds "11"]
[EventCountry "CZE"]
[SourceTitle "EXT 2022"]
[Source "ChessBase"]
[SourceDate "2021.10.06"]
[SourceVersion "1"]
[SourceVersionDate "2021.10.06"]
[SourceQuality "1"]
[WhiteTeam "Lipovec Garde"]
[BlackTeam "Postoupky"]
[WhiteTeamCountry "CZE"]
[BlackTeamCountry "CZE"]

1. g3 Nf6 2. Bg2 d5 3. d4 e6 4. Nf3 Bd6 5. 0-0 Nbd7 6. c4 c6 7. Nbd2 0-0 8. b3 b5 9. Re1 bxc4 10. bxc4 Bb4 11. Rb1 Qa5 12. Qc2 Ne4 13. a3 Bc3 14. Rd1 f5 15. Nxe4 fxe4 16. Ng5 Nb6 17. c5 Na4 18. Bf4 h6 19. Nh3 g5 20. Bd6 Rf7 21. f3 Rb7 22. Rxb7 Bxb7 23. fxe4 Nb2 24. exd5 1-0

[Event "CZE-chT2E 1415"]
[Site "Czech Republic"]
[Date "2014.12.14"]
[Round "4.8"]
[White "Hajek, Oskar"]
[Black "Vecera, Petr"]
[Result "1/2-1/2"]
[WhiteElo "2035"]
[BlackElo "2025"]
[PlyCount "104"]
[EventDate "2014.11.02"]
[EventType "team-tourn"]
[EventRounds "11"]
[EventCountry "CZE"]
[SourceTitle "EXT 2022"]
[Source "ChessBase"]
[SourceDate "2021.10.06"]
[SourceVersion "1"]
[SourceVersionDate "2021.10.06"]
[SourceQuality "1"]
[WhiteTeam "Prusanky Podluzan"]
[BlackTeam "Postoupky"]
[WhiteTeamCountry "CZE"]
[BlackTeamCountry "CZE"]

1. e4 c5 2. Nf3 Nc6 3. Bb5 g6 4. Bxc6 bxc6 5. 0-0 Bg7 6. c3 Nf6 7. Re1 0-0 8. d4 cxd4 9. cxd4 d6 10. Nc3 Qb6 11. h3 Ba6 12. Qc2 Rfc8 13. Bg5 h6 14. Be3 Rab8 15. b3 Nd7 16. e5 c5 17. e6 cxd4 18. exd7 Rxc3 19. Qxc3 dxe3 20. Qxe3 Qxe3 21. fxe3 Bxa1 22. Rxa1 Rd8 23. Rc1 Rxd7 24. Kf2 Kf8 25. b4 Rb7 26. a3 e5 27. Rc6 Rb6 28. Rc7 Bb7 29. Nd2 a6 30. Nc4 Rc6 31. Rxb7 Rxc4 32. Rb6 a5 33. bxa5 Ke7 34. Rb4 Rc2+ 35. Kf3 Rc5 36. Ra4 Rc7 37. a6 Ra7 38. Ke4 Ke6 39. Ra5 f5+ 40. Kd3 Kd7 41. Kc4 Kc6 42. Kb4 g5 43. g3 Kb6 44. Rd5 Kc6 45. Ra5 Kb6 46. Rd5 Kc6 47. Ra5 h5 48. h4 gxh4 49. gxh4 Kb6 50. Rd5 Kc6 51. Ra5 Kb6 52. Rd5 Kc6 1/2-1/2

[Event "Ricany op-A"]
[Site "Ricany"]
[Date "2014.08.24"]
[Round "3"]
[White "Vecera, Petr"]
[Black "Balacek, Tadeas"]
[Result "0-1"]
[WhiteElo "2045"]
[BlackElo "2237"]
[PlyCount "27"]
[EventDate "2014.08.23"]
[EventType "swiss"]
[EventRounds "9"]
[EventCountry "CZE"]
[SourceTitle "EXT 2015"]
[Source "ChessBase"]
[SourceDate "2014.11.20"]
[SourceVersion "1"]
[SourceVersionDate "2014.11.20"]
[SourceQuality "1"]

1. e4 e6 2. d4 d5 3. exd5 exd5 4. Bd3 c5 5. dxc5 Bxc5 6. Nf3 Nf6 7. 0-0 0-0 8. Nbd2 Nc6 9. Nb3 Bb6 10. Bg5 Bg4 11. h3 Bh5 12. c3 Qd6 13. Bh4 Rfe8 14. Bg3 0-1

[Event "Kouty nad Desnou op-A"]
[Site "Kouty nad Desnou"]
[Date "2014.03.12"]
[Round "6"]
[White "Vecera, Petr"]
[Black "Malinovsky, Petr"]
[Result "1/2-1/2"]
[WhiteElo "2068"]
[BlackElo "2008"]
[PlyCount "22"]
[EventDate "2014.03.08"]
[EventType "swiss"]
[EventRounds "9"]
[EventCountry "CZE"]
[SourceTitle "EXT 2015"]
[Source "ChessBase"]
[SourceDate "2014.11.20"]
[SourceVersion "1"]
[SourceVersionDate "2014.11.20"]
[SourceQuality "1"]

1. e4 c5 2. c3 Nf6 3. e5 Nd5 4. d4 cxd4 5. Nf3 e6 6. cxd4 d6 7. Qb3 Nc6 8. Bd2 Qc7 9. Nc3 Nxc3 10. Bxc3 dxe5 11. dxe5 Bd7 1/2-1/2

[Event "Kouty nad Desnou op-A"]
[Site "Kouty nad Desnou"]
[Date "2014.03.09"]
[Round "2"]
[White "Vecera, Petr"]
[Black "Vojta, Tomas"]
[Result "1-0"]
[WhiteElo "2068"]
[BlackElo "2343"]
[PlyCount "147"]
[EventDate "2014.03.08"]
[EventType "swiss"]
[EventRounds "9"]
[EventCountry "CZE"]
[SourceTitle "EXT 2015"]
[Source "ChessBase"]
[SourceDate "2014.11.20"]
[SourceVersion "1"]
[SourceVersionDate "2014.11.20"]
[SourceQuality "1"]

1. e4 d5 2. exd5 Nf6 3. d4 Bg4 4. Nf3 Qxd5 5. Nc3 Qh5 6. Be2 Nc6 7. 0-0 0-0-0 8. Be3 e5 9. h3 exd4 10. Nxd4 Bxe2 11. Ncxe2 Nxd4 12. Nxd4 Qe5 13. c3 Bd6 14. Nf3 Qh5 15. Qa4 a6 16. Bf4 g5 17. Bxg5 Rdg8 18. Qh4 Qxh4 19. Bxh4 Nh5 20. Kh1 Rg6 21. g3 f5 22. Rae1 Rhg8 23. Ne5 R6g7 24. Nc4 Kd7 25. Nxd6 cxd6 26. Re2 Re8 27. Rxe8 Kxe8 28. Re1+ Kd7 29. Kh2 h6 30. f3 Rf7 31. Kg2 Ng7 32. g4 b5 33. Bg3 Kc6 34. f4 a5 35. Kf3 b4 36. c4 a4 37. Bf2 fxg4+ 38. hxg4 h5 39. gxh5 Nxh5 40. Re4 Nf6 41. Re6 Nd7 42. Bd4 a3 43. bxa3 bxa3 44. Re3 Rf5 45. Rxa3 Rf8 46. Ra5 Rb8 47. Ra6+ Kc7 48. Ra3 Rb4 49. Rc3 Kc6 50. f5 d5 51. cxd5+ Kxd5 52. Bg7 Ne5+ 53. Bxe5 Kxe5 54. Rc5+ Kf6 55. Ra5 Rb1 56. Ke3 Rf1 57. Ke4 Re1+ 58. Kd4 Rd1+ 59. Kc4 Ra1 60. Kb3 Rb1+ 61. Ka4 Rb2 62. a3 Rb1 63. Rb5 Ra1 64. Kb4 Rb1+ 65. Ka5 Ra1 66. a4 Ke7 67. Rb6 Kd7 68. f6 Rf1 69. Ka6 Kc7 70. Rb7+ Kc6 71. f7 Rf2 72. Ka7 Rf5 73. Kb8 Kd6 74. a5 1-0

[Event "CZE-chT2E 1314"]
[Site "Czech Republic"]
[Date "2014.02.16"]
[Round "8.7"]
[White "Dvorak, Adam"]
[Black "Vecera, Petr"]
[Result "1-0"]
[WhiteElo "2119"]
[BlackElo "2068"]
[PlyCount "63"]
[EventDate "2013.11.03"]
[EventType "team-tourn"]
[EventRounds "11"]
[EventCountry "CZE"]
[SourceTitle "EXT 2016"]
[Source "ChessBase"]
[SourceDate "2015.10.08"]
[SourceVersion "1"]
[SourceVersionDate "2015.10.08"]
[SourceQuality "1"]
[WhiteTeam "Brno Lokomotiva II"]
[BlackTeam "Postoupky"]
[WhiteTeamCountry "CZE"]
[BlackTeamCountry "CZE"]

1. d4 Nf6 2. c4 e6 3. Nf3 b6 4. Nc3 Bb4 5. Qc2 Bb7 6. a3 Bxc3+ 7. Qxc3 0-0 8. Bg5 d6 9. e3 Nbd7 10. Bh4 Qe8 11. Be2 h6 12. 0-0-0 Ne4 13. Qc2 d5 14. Nd2 Nxd2 15. Rxd2 c5 16. cxd5 Rc8 17. Kb1 cxd4 18. Qa4 dxe3 19. fxe3 Bxd5 20. Bb5 Rc7 21. Bg3 Rb7 22. e4 Nc5 23. Bxe8 Bxe4+ 24. Ka1 Nxa4 25. Bxa4 Rc8 26. Bb5 Re7 27. Rhd1 a5 28. Rd8+ Rxd8 29. Rxd8+ Kh7 30. Bd6 Rb7 31. g3 Kg6 32. Rb8 1-0

[Event "CZE-chT2E 1314"]
[Site "Czech Republic"]
[Date "2014.01.19"]
[Round "6.6"]
[White "Vecera, Petr"]
[Black "Mayer, Josef"]
[Result "1/2-1/2"]
[WhiteElo "2068"]
[BlackElo "2063"]
[PlyCount "133"]
[EventDate "2013.11.03"]
[EventType "team-tourn"]
[EventRounds "11"]
[EventCountry "CZE"]
[SourceTitle "EXT 2016"]
[Source "ChessBase"]
[SourceDate "2015.10.08"]
[SourceVersion "1"]
[SourceVersionDate "2015.10.08"]
[SourceQuality "1"]
[WhiteTeam "Postoupky"]
[BlackTeam "Prusanky Podluzan"]
[WhiteTeamCountry "CZE"]
[BlackTeamCountry "CZE"]

1. e4 g6 2. d4 Bg7 3. Nf3 d6 4. Be2 Nf6 5. Nbd2 0-0 6. 0-0 Nbd7 7. c3 e5 8. dxe5 Nxe5 9. Nxe5 dxe5 10. Qc2 Bh6 11. Rd1 Qe7 12. Nc4 Bxc1 13. Raxc1 b6 14. Ne3 Bb7 15. Nd5 Bxd5 16. exd5 Rad8 17. c4 a5 18. a3 Qc5 19. Qc3 Ne4 20. Qe3 Qxe3 21. fxe3 a4 22. Bd3 Nc5 23. Bc2 f5 24. Rf1 e4 25. Rcd1 g5 26. g3 Rd6 27. Kf2 Rh6 28. Kg2 Rf7 29. Rf2 Kf8 30. Kf1 Ke7 31. Ke2 Kd6 32. Rdf1 Ke5 33. Rg1 b5 34. cxb5 Rb6 35. Kd2 Rxb5 36. Kc3 Nd3 37. Bxd3 Rb3+ 38. Kc4 Rxd3 39. Re2 Rxd5 40. Kb4 c6 41. Kxa4 Rd3 42. Rc1 Kd6 43. Kb4 Rb7+ 44. Kc4 Rb5 45. Rc3 Rc5+ 46. Kb4 Rcxc3 47. bxc3 c5+ 48. Kc4 Ke5 49. a4 f4 50. gxf4+ gxf4 51. exf4+ Kxf4 52. a5 Kf3 53. Ra2 Rd8 54. a6 e3 55. a7 e2 56. Rxe2 Kxe2 57. Kxc5 Kd3 58. c4 Ra8 59. Kb6 Kxc4 60. Kb7 Rxa7+ 61. Kxa7 h5 62. h4 Kd5 63. Kb6 Ke4 64. Kc5 Kf3 65. Kd4 Kf4 66. Kd3 Kf3 67. Kd4 1/2-1/2

[Event "CZE-chT2E 1314"]
[Site "Czech Republic"]
[Date "2013.12.15"]
[Round "4.7"]
[White "Krejcirik, Radim"]
[Black "Vecera, Petr"]
[Result "0-1"]
[WhiteElo "1933"]
[BlackElo "2068"]
[PlyCount "116"]
[EventDate "2013.11.03"]
[EventType "team-tourn"]
[EventRounds "11"]
[EventCountry "CZE"]
[SourceTitle "EXT 2016"]
[Source "ChessBase"]
[SourceDate "2015.10.08"]
[SourceVersion "1"]
[SourceVersionDate "2015.10.08"]
[SourceQuality "1"]
[WhiteTeam "Napajedla"]
[BlackTeam "Postoupky"]
[WhiteTeamCountry "CZE"]
[BlackTeamCountry "CZE"]

1. d4 Nf6 2. c4 e6 3. Nc3 Bb4 4. g3 0-0 5. Bg2 c5 6. Nf3 Nc6 7. e3 Qc7 8. 0-0 Bxc3 9. bxc3 Na5 10. Nd2 d6 11. Ba3 Rb8 12. Qe2 b6 13. Nb3 Nb7 14. e4 e5 15. Bc1 Nd8 16. Bg5 Ne8 17. Be3 Ba6 18. Rac1 Qd7 19. f4 f6 20. fxe5 fxe5 21. Rxf8+ Kxf8 22. Rf1+ Kg8 23. Qf2 Nf6 24. Nd2 Nf7 25. h3 Rf8 26. Kh2 Bc8 27. g4 Nh8 28. Kh1 Ng6 29. Qg3 Qe6 30. d5 Qe8 31. Bf3 Nd7 32. Be2 Rxf1+ 33. Nxf1 Qf7 34. Kg2 Nf4+ 35. Bxf4 exf4 36. Qh4 Qf6 37. g5 Qxc3 38. g6 Nf6 39. gxh7+ Kh8 40. Qxf4 Bxh3+ 41. Kh2 Bxf1 42. Bxf1 Qe5 43. Qxe5 dxe5 44. d6 Ng4+ 45. Kg3 Nh6 46. Bh3 Nf7 47. d7 Kxh7 48. Kh4 Kg6 49. Be6 Nd8 50. Bf5+ Kf6 51. Kh5 Nb7 52. Bh3 Ke7 53. Kg6 Nd6 54. Bf5 Nxc4 55. Kxg7 Ne3 56. d8Q+ Kxd8 57. Kf6 c4 58. Kxe5 c3 0-1

[Event "Stare Mesto op"]
[Site "Stare Mesto"]
[Date "2013.08.10"]
[Round "2"]
[White "Kislinsky, Alexey"]
[Black "Vecera, Petr"]
[Result "1-0"]
[WhiteElo "2521"]
[BlackElo "2065"]
[PlyCount "83"]
[EventDate "2013.08.09"]
[EventType "swiss"]
[EventRounds "10"]
[EventCountry "CZE"]
[SourceTitle "CBM 155 Extra"]
[Source "ChessBase"]
[SourceDate "2013.08.26"]
[SourceVersion "1"]
[SourceVersionDate "2013.08.26"]
[SourceQuality "1"]

1. e4 e5 2. Nc3 Nc6 3. Bc4 Nf6 4. d3 Be7 5. f4 d6 6. Nf3 0-0 7. 0-0 Na5 8. f5 c6 9. Bb3 Qc7 10. Kh1 Nxb3 11. axb3 d5 12. Qe1 dxe4 13. dxe4 Bb4 14. Bg5 Ne8 15. f6 Nxf6 16. Bxf6 gxf6 17. Nh4 Bxc3 18. bxc3 Qe7 19. Qe3 f5 20. Nxf5 Bxf5 21. exf5 f6 22. Rxa7 Rxa7 23. Qxa7 Rd8 24. Qe3 Qd7 25. h3 Qd2 26. Qc5 Kf7 27. Qc4+ Rd5 28. Qh4 h6 29. Qh5+ Kf8 30. Ra1 Rd8 31. Qh4 Kf7 32. Qc4+ Qd5 33. Ra7 Qxc4 34. Rxb7+ Rd7 35. Rxd7+ Ke8 36. bxc4 Kxd7 37. c5 h5 38. Kh2 h4 39. Kg1 Ke7 40. Kf2 Kf7 41. Kf3 Kg7 42. Kg4 1-0

[Event "Kouty nad Desnou op-F"]
[Site "Kouty nad Desnou"]
[Date "2013.03.10"]
[Round "2"]
[White "Kubos, Rostislav"]
[Black "Vecera, Petr"]
[Result "1/2-1/2"]
[WhiteElo "2215"]
[BlackElo "2028"]
[PlyCount "114"]
[EventDate "2013.03.09"]
[EventType "swiss"]
[EventRounds "9"]
[EventCountry "CZE"]
[SourceTitle "EXT 2015"]
[Source "ChessBase"]
[SourceDate "2014.11.20"]
[SourceVersion "1"]
[SourceVersionDate "2014.11.20"]
[SourceQuality "1"]

1. c4 c5 2. Nc3 Nc6 3. g3 g6 4. Bg2 Bg7 5. Nf3 Nf6 6. 0-0 0-0 7. d4 cxd4 8. Nxd4 Nxd4 9. Qxd4 d6 10. Bg5 a6 11. Qd2 Rb8 12. Rac1 Be6 13. Nd5 Bxd5 14. cxd5 Qd7 15. Rc2 Rfc8 16. Rfc1 Qf5 17. Rc7 Rxc7 18. Rxc7 Qb1+ 19. Qc1 Qxc1+ 20. Rxc1 Kf8 21. b3 Ke8 22. Bd2 Nd7 23. Kf1 Kd8 24. Bh3 Nf6 25. Ba5+ Ke8 26. Rc8+ Rxc8 27. Bxc8 b6 28. Bd2 a5 29. Bb7 Kd8 30. Bc6 e6 31. dxe6 fxe6 32. f3 Kc7 33. Bb5 e5 34. Bc3 Nd5 35. Bd2 Nf6 36. e4 d5 37. exd5 Nxd5 38. Ke2 Bf8 39. Bc4 Kc6 40. a4 Bc5 41. Kd3 Bd4 42. f4 Nf6 43. fxe5 Bxe5 44. Bb5+ Kd6 45. b4 axb4 46. Bxb4+ Kd5 47. Bc4+ Kc6 48. Be1 Bb2 49. h3 Ba3 50. Bc3 Nh5 51. Bb5+ Kd5 52. Bc4+ Kc6 53. Bg8 Bd6 54. g4 Nf4+ 55. Ke4 Nxh3 56. Bd2 h5 57. gxh5 gxh5 1/2-1/2

[Event "CZE-chT2F 1213"]
[Site "Czech Republic"]
[Date "2012.12.16"]
[Round "5.68"]
[White "Vecera, Petr"]
[Black "Jarolim, Jan"]
[Result "1-0"]
[WhiteElo "2028"]
[BlackElo "1865"]
[PlyCount "79"]
[EventDate "2012.10.14"]
[EventType "team-tourn"]
[EventRounds "11"]
[EventCountry "CZE"]
[SourceTitle "EXT 2016"]
[Source "ChessBase"]
[SourceDate "2015.10.08"]
[SourceVersion "1"]
[SourceVersionDate "2015.10.08"]
[SourceQuality "1"]
[WhiteTeam "Postoupky"]
[BlackTeam "Poruba VOKD"]
[WhiteTeamCountry "CZE"]
[BlackTeamCountry "CZE"]

1. e4 c6 2. d4 d5 3. exd5 cxd5 4. Nf3 Nf6 5. Bf4 Nc6 6. c3 Qb6 7. Qb3 Qxb3 8. axb3 Bf5 9. Bb5 Nd7 10. 0-0 e6 11. Nbd2 Be7 12. Ra2 a6 13. Rfa1 Rc8 14. Bf1 0-0 15. b4 Nb6 16. Nb3 Bc2 17. Nc5 Bxc5 18. bxc5 Nc4 19. Bxc4 dxc4 20. Nd2 Bd3 21. Ra4 Rfe8 22. Nxc4 Bxc4 23. Rxc4 e5 24. Be3 f5 25. d5 Nb8 26. f3 Red8 27. Rb4 Rxd5 28. Rxb7 f4 29. Bf2 h6 30. Kf1 Nd7 31. b4 Rc6 32. Ke2 Nf6 33. Rb6 Rc8 34. Rbxa6 Rcd8 35. Ra8 Rd2+ 36. Ke1 Kh7 37. Rxd8 Rxd8 38. Ke2 e4 39. Bd4 exf3+ 40. Kxf3 1-0

[Event "Plzen op"]
[Site "Plzen"]
[Date "2012.08.20"]
[Round "3"]
[White "Zoubek, Vladimir"]
[Black "Vecera, Petr"]
[Result "0-1"]
[WhiteElo "1659"]
[BlackElo "1986"]
[PlyCount "98"]
[EventDate "2012.08.18"]
[EventType "swiss"]
[EventRounds "9"]
[EventCountry "CZE"]
[SourceTitle "CBM 150 Extra"]
[Source "ChessBase"]
[SourceDate "2012.10.19"]
[SourceVersion "1"]
[SourceVersionDate "2012.10.19"]
[SourceQuality "1"]

1. Nf3 d6 2. c4 e5 3. Nc3 Nc6 4. d4 Bd7 5. g3 Be7 6. Bg2 f5 7. e4 Nf6 8. dxe5 Nxe4 9. exd6 Nxc3 10. Qd3 Bxd6 11. bxc3 Qe7+ 12. Qe3 0-0-0 13. 0-0 Qxe3 14. Bxe3 f4 15. Bd4 Rhg8 16. Rfe1 g5 17. Bf6 Rdf8 18. Bxg5 fxg3 19. hxg3 Rxf3 20. Bxf3 Rxg5 21. Re4 Ne5 22. Kg2 Nxf3 23. Kxf3 Bc6 24. Ke3 Bxe4 25. Kxe4 Kd7 26. a4 Kc6 27. Rh1 h5 28. Rh3 Re5+ 29. Kd3 Bc5 30. Rh2 Re1 31. Kd2 Ra1 32. Kd3 Ra2 33. Rxh5 Rxf2 34. Rh6+ Bd6 35. g4 Rg2 36. Rg6 Ra2 37. Kd4 Rxa4 38. g5 Ra5 39. Rg8 Rf5 40. g6 Rg5 41. Ke4 a5 42. g7 a4 43. Ra8 Rxg7 44. Rxa4 Rg3 45. Kd4 Bc5+ 46. Ke4 Re3+ 47. Kf4 Rxc3 48. Ke4 Re3+ 49. Kf4 Ra3 0-1

[Event "Plzen op"]
[Site "Plzen"]
[Date "2012.08.19"]
[Round "2"]
[White "Vecera, Petr"]
[Black "Plischki, Sebastian"]
[Result "0-1"]
[WhiteElo "1986"]
[BlackElo "2365"]
[PlyCount "52"]
[EventDate "2012.08.18"]
[EventType "swiss"]
[EventRounds "9"]
[EventCountry "CZE"]
[SourceTitle "CBM 150 Extra"]
[Source "ChessBase"]
[SourceDate "2012.10.19"]
[SourceVersion "1"]
[SourceVersionDate "2012.10.19"]
[SourceQuality "1"]

1. e4 g6 2. d4 Bg7 3. Nf3 d6 4. Bc4 Nf6 5. Qe2 0-0 6. 0-0 Nc6 7. h3 Nd7 8. c3 e5 9. Be3 Qe7 10. Nbd2 Re8 11. Rae1 Nd8 12. dxe5 dxe5 13. Nb3 Ne6 14. Rd1 a5 15. Bxe6 Qxe6 16. Rd2 a4 17. Nc1 Qc6 18. Nd3 Qxe4 19. Ng5 Qc4 20. Nc1 Qxe2 21. Nxe2 h6 22. Ne4 f5 23. Nc5 Nf6 24. f3 b6 25. Nd3 Bb7 26. f4 Bd5 0-1

[Event "Stare Mesto op"]
[Site "Stare Mesto"]
[Date "2012.08.11"]
[Round "2"]
[White "Vecera, Petr"]
[Black "Shanel, Jaroslav"]
[Result "1/2-1/2"]
[WhiteElo "1986"]
[BlackElo "2191"]
[PlyCount "126"]
[EventDate "2012.08.10"]
[EventType "swiss"]
[EventRounds "10"]
[EventCountry "CZE"]
[SourceTitle "CBM 149 Extra"]
[Source "ChessBase"]
[SourceDate "2012.08.24"]
[SourceVersion "1"]
[SourceVersionDate "2012.08.24"]
[SourceQuality "1"]

1. e4 c5 2. c3 d5 3. exd5 Qxd5 4. d4 Nf6 5. Nf3 Bg4 6. Be2 e6 7. 0-0 Nc6 8. Be3 cxd4 9. cxd4 Be7 10. Nc3 Qd8 11. Qb3 a6 12. Rfd1 Na5 13. Qc2 0-0 14. Ne5 Bxe2 15. Qxe2 Nd5 16. Rac1 Rc8 17. Bd2 Nc6 18. Qe4 Qd6 19. Nxc6 Rxc6 20. Nxd5 exd5 21. Rxc6 bxc6 22. Qf4 Qd7 23. Re1 Bd6 24. Qf3 Re8 25. Rxe8+ Qxe8 26. Qd3 Qe4 27. Qxe4 dxe4 28. g4 f6 29. h3 Kf7 30. f3 exf3 31. Kf2 Ke6 32. Kxf3 Kd5 33. Bc3 g6 34. b3 Bh2 35. Kg2 Bf4 36. Kf3 Bc1 37. Ba1 Bd2 38. Bb2 Bh6 39. Bc3 Bc1 40. Ba1 f5 41. gxf5 gxf5 42. Bc3 Bg5 43. Bb2 Bf6 44. Kf4 Bxd4 45. Bxd4 Kxd4 46. Kxf5 c5 47. h4 Kc3 48. Ke5 a5 49. Kd5 Kb4 50. h5 h6 51. Kc6 a4 52. Kd6 c4 53. bxc4 Kxc4 54. Ke6 Kc3 55. Kf6 Kb2 56. Kg6 Kxa2 57. Kxh6 Kb3 58. Kg7 a3 59. h6 a2 60. h7 a1Q+ 61. Kg8 Qg1+ 62. Kh8 Qd4+ 63. Kg8 Qh4 1/2-1/2

[Event "Kouty nad Desnou op-A"]
[Site "Kouty nad Desnou"]
[Date "2012.03.12"]
[Round "4"]
[White "Karasek, Lukas"]
[Black "Vecera, Petr"]
[Result "0-1"]
[WhiteElo "2174"]
[BlackElo "1957"]
[PlyCount "30"]
[EventDate "2012.03.10"]
[EventType "swiss"]
[EventRounds "9"]
[EventCountry "CZE"]
[SourceTitle "EXT 2013"]
[Source "ChessBase"]
[SourceDate "2012.11.22"]
[SourceVersion "1"]
[SourceVersionDate "2012.11.22"]
[SourceQuality "1"]

1. c4 e6 2. d4 d5 3. Nc3 Nf6 4. cxd5 exd5 5. Bg5 Be7 6. e3 Bf5 7. Qb3 Nbd7 8. Bxf6 Nxf6 9. Qxb7 Rb8 10. Bb5+ Kf8 11. Qa6 Rb6 12. Qa4 c6 13. Ba6 Rxb2 14. Nge2 Qb6 15. a3 Bc2 0-1

[Event "Kouty nad Desnou op-A"]
[Site "Kouty nad Desnou"]
[Date "2011.03.18"]
[Round "8"]
[White "Mouryc, Tomas"]
[Black "Vecera, Petr"]
[Result "1-0"]
[WhiteElo "2000"]
[BlackElo "1950"]
[PlyCount "91"]
[EventDate "2011.03.12"]
[EventType "swiss"]
[EventRounds "9"]
[EventCountry "CZE"]
[SourceTitle "EXT 2014"]
[Source "ChessBase"]
[SourceDate "2013.11.20"]
[SourceVersion "1"]
[SourceVersionDate "2013.11.20"]
[SourceQuality "1"]

1. e4 c5 2. Nf3 Nc6 3. d4 cxd4 4. Nxd4 g6 5. Nc3 Bg7 6. Nde2 Nf6 7. g3 b5 8. Bg2 b4 9. Nd5 Rb8 10. 0-0 0-0 11. a3 bxa3 12. Rxa3 d6 13. b3 Nd7 14. Be3 a5 15. Nd4 Bb7 16. Nxc6 Bxc6 17. Bg5 Bxd5 18. exd5 h6 19. Bd2 Ra8 20. Re1 Nc5 21. Qe2 Re8 22. h4 e6 23. dxe6 Rxe6 24. Qc4 Rxe1+ 25. Bxe1 Ra7 26. Bd2 Qb6 27. Bd5 h5 28. c3 Rc7 29. Qe2 Nd7 30. Qe8+ Nf8 31. c4 a4 32. Be3 Qb4 33. Qxa4 Bc3 34. Qxb4 Bxb4 35. Ra4 Bc3 36. b4 Nd7 37. b5 Nf6 38. Bf3 d5 39. b6 Rxc4 40. Ra8+ Kg7 41. b7 Be5 42. b8Q Bxb8 43. Rxb8 d4 44. Bf4 Rc3 45. Kg2 Rc5 46. Rd8 1-0